[Event "Uljanovsk Sidorov Memorial"]
[Site "Uljanovsk"]
[Date "2014.07.20"]
[Round "9"]
[White "Sidorov, Gennady"]
[Black "Rusakov, Vladimir"]
[Result "1-0"]
[WhiteElo "1863"]
[BlackElo "2037"]
[PlyCount "179"]
[EventDate "2014.07.16"]
[EventType "swiss"]
[EventRounds "9"]
[EventCountry "RUS"]
[SourceTitle "CBM 161 Extra"]
[Source "ChessBase"]
[SourceDate "2014.08.29"]
[SourceVersion "1"]
[SourceVersionDate "2014.08.29"]
[SourceQuality "1"]

1. e4 c5 2. Nf3 Nc6 3. c3 Qa5 4. d4 cxd4 5. Nxd4 Nf6 6. Nxc6 dxc6 7. Bd3 Bg4 8. Qc2 e6 9. Be3 Bd6 10. Nd2 Qc7 11. h3 Bh5 12. g4 Bg6 13. 0-0-0 Bf4 14. Nc4 b5 15. Bxf4 Qxf4+ 16. Qd2 Qc7 17. Na3 Bxe4 18. Bxe4 Nxe4 19. Qe3 Nf6 20. Qc5 Rc8 21. Kb1 Qe7 22. Qe5 0-0 23. f4 Qc7 24. Qxc7 Rxc7 25. c4 b4 26. Nc2 c5 27. Ne3 Ne4 28. Rhf1 Rb8 29. f5 exf5 30. Rxf5 g6 31. Re5 Nf2 32. Rdd5 Rbc8 33. h4 f6 34. Re6 Kf7 35. Rdd6 Kg7 36. Nd5 Rf7 37. Nxf6 Rcf8 38. g5 Nh3 39. Rc6 Nf4 40. Re4 Nh5 41. Nxh5+ gxh5 42. Rxc5 Rf4 43. Rc7+ Kg6 44. Rce7 R8f7 45. R7e6+ Kg7 46. c5 R4f5 47. R6e5 Rf1+ 48. Kc2 a5 49. Re7 R1f2+ 50. Kb3 a4+ 51. Kxa4 Rxb2 52. Rxf7+ Kxf7 53. Rc4 Rxa2+ 54. Kxb4 Rb2+ 55. Ka5 Ke7 56. c6 Kd8 57. Rb4 Rc2 58. Kb6 Kc8 59. Re4 Rb2+ 60. Kc5 Rc2+ 61. Kd5 Rd2+ 62. Rd4 Rc2 63. Rc4 Rd2+ 64. Ke6 Rf2 65. Rd4 Rc2 66. Rd6 Rf2 67. Rd7 Rc2 68. Rxh7 Rxc6+ 69. Kf5 Kd8 70. Rxh5 Ke7 71. Rh7+ Kf8 72. g6 Rc5+ 73. Kf6 Rc6+ 74. Kg5 Kg8 75. Ra7 Rb6 76. Kh6 Rb8 77. Rg7+ Kh8 78. Rd7 Kg8 79. h5 Ra8 80. Kg5 Ra5+ 81. Kf6 Ra6+ 82. Ke7 Rb6 83. Rd6 Rb7+ 84. Kf6 Rb8 85. h6 Re8 86. Re6 Rf8+ 87. Ke5 Ra8 88. Rd6 Re8+ 89. Kf6 Ra8 90. Ke7 1-0

[Event "Uljanovsk Sidorov Memorial"]
[Site "Uljanovsk"]
[Date "2014.07.19"]
[Round "8"]
[White "Rusakov, Vladimir"]
[Black "Dobrocmyslov, Artem"]
[Result "1/2-1/2"]
[WhiteElo "2037"]
[BlackElo "1942"]
[PlyCount "45"]
[EventDate "2014.07.16"]
[EventType "swiss"]
[EventRounds "9"]
[EventCountry "RUS"]
[SourceTitle "CBM 161 Extra"]
[Source "ChessBase"]
[SourceDate "2014.08.29"]
[SourceVersion "1"]
[SourceVersionDate "2014.08.29"]
[SourceQuality "1"]

1. d4 Nf6 2. Bg5 d5 3. Bxf6 exf6 4. e3 g6 5. c4 dxc4 6. Bxc4 Bg7 7. Ne2 0-0 8. Nf4 f5 9. Nc3 c5 10. d5 a6 11. a4 Qa5 12. Rc1 b5 13. Be2 b4 14. Nb1 Bxb2 15. Rc2 Bg7 16. 0-0 Nd7 17. Nd2 Qxa4 18. Nc4 Rb8 19. h4 b3 20. Rc1 Qa2 21. h5 b2 22. Rb1 Nb6 23. Qc2 1/2-1/2

[Event "Uljanovsk Sidorov Memorial"]
[Site "Uljanovsk"]
[Date "2014.07.18"]
[Round "5"]
[White "Rusakov, Vladimir"]
[Black "Kolosov, Anatoly G"]
[Result "1-0"]
[WhiteElo "2037"]
[BlackElo "1883"]
[PlyCount "123"]
[EventDate "2014.07.16"]
[EventType "swiss"]
[EventRounds "9"]
[EventCountry "RUS"]
[SourceTitle "CBM 161 Extra"]
[Source "ChessBase"]
[SourceDate "2014.08.29"]
[SourceVersion "1"]
[SourceVersionDate "2014.08.29"]
[SourceQuality "1"]

1. e4 Nf6 2. d3 e5 3. Nf3 Nc6 4. Bg5 d6 5. Be2 Be7 6. 0-0 0-0 7. c3 Ne8 8. Be3 g6 9. d4 exd4 10. cxd4 Ng7 11. Qb3 Kh8 12. Nc3 f5 13. Bh6 fxe4 14. Nxe4 d5 15. Ng3 Bf6 16. Rad1 Re8 17. Bb5 Nf5 18. Nxf5 Bxf5 19. Bxc6 bxc6 20. Bf4 Rb8 21. Qc3 c5 22. Qxc5 Rxb2 23. Qxa7 Qa8 24. Qxc7 Rxa2 25. Ne5 Ra7 26. Qb6 Re6 27. Qb2 g5 28. Bg3 h5 29. h3 h4 30. Bh2 Ra2 31. Ra1 Rea6 32. Rxa2 Rxa2 33. Qb6 Qa6 34. Qb8+ Kh7 35. Qc7+ Bg7 36. Qf7 Be4 37. Qh5+ Kg8 38. Qxg5 Ra1 39. Rc1 Qa3 40. Bf4 Rxc1+ 41. Bxc1 Qa1 42. Qd8+ Kh7 43. Qxh4+ Kg8 44. Qg5 Qxd4 45. Bf4 Kh7 46. h4 Qb6 47. h5 Qe6 48. Ng4 Qf5 49. f3 Qxg5 50. Bxg5 Bf5 51. Ne3 Bd4 52. g4 Bd3 53. Kg2 Bxe3 54. Bxe3 Be2 55. Kg3 Bd1 56. f4 Be2 57. Kh4 Bf3 58. g5 Be4 59. Kg4 Bd3 60. g6+ Kg8 61. Kg5 Kh8 62. h6 1-0

[Event "Uljanovsk Sidorov Memorial"]
[Site "Uljanovsk"]
[Date "2014.07.17"]
[Round "4"]
[White "Krujkov, Yuri"]
[Black "Rusakov, Vladimir"]
[Result "1/2-1/2"]
[WhiteElo "2196"]
[BlackElo "2037"]
[PlyCount "36"]
[EventDate "2014.07.16"]
[EventType "swiss"]
[EventRounds "9"]
[EventCountry "RUS"]
[SourceTitle "CBM 161 Extra"]
[Source "ChessBase"]
[SourceDate "2014.08.29"]
[SourceVersion "1"]
[SourceVersionDate "2014.08.29"]
[SourceQuality "1"]

1. Nf3 d5 2. b3 Bg4 3. e3 Nd7 4. Bb2 Ngf6 5. Be2 e6 6. d3 Bd6 7. Nbd2 0-0 8. 0-0 c6 9. h3 Bh5 10. c4 a5 11. cxd5 exd5 12. Nh4 Bxe2 13. Qxe2 Be5 14. Ndf3 Bxb2 15. Qxb2 Re8 16. Nf5 Qc7 17. Rac1 Ne5 18. Nxe5 Qxe5 1/2-1/2

[Event "Uljanovsk Sidorov Memorial"]
[Site "Uljanovsk"]
[Date "2014.07.16"]
[Round "1"]
[White "Rusakov, Vladimir"]
[Black "Logunova, Elizaveta"]
[Result "1-0"]
[WhiteElo "2037"]
[BlackElo "1683"]
[PlyCount "59"]
[EventDate "2014.07.16"]
[EventType "swiss"]
[EventRounds "9"]
[EventCountry "RUS"]
[SourceTitle "CBM 161 Extra"]
[Source "ChessBase"]
[SourceDate "2014.08.29"]
[SourceVersion "1"]
[SourceVersionDate "2014.08.29"]
[SourceQuality "1"]

1. g4 d5 2. Bg2 c6 3. h3 e5 4. d3 h6 5. Nc3 Nf6 6. e4 Bb4 7. Bd2 d4 8. Nce2 Bxd2+ 9. Qxd2 Nbd7 10. f4 exf4 11. Nxd4 g5 12. Ngf3 Nc5 13. Qc3 Ne6 14. Nf5 h5 15. gxh5 Rxh5 16. 0-0-0 Ng8 17. d4 Ne7 18. d5 cxd5 19. Nxe7 Qxe7 20. exd5 Kf8 21. dxe6 Bxe6 22. Rhe1 Rc8 23. Qd4 Qc7 24. c3 Bxh3 25. Bxh3 Rxh3 26. Nxg5 Rh2 27. Qf6 Re8 28. Rxe8+ Kxe8 29. Re1+ Kf8 30. Ne6+ 1-0

[Event "Dimitrovgrad Summer op"]
[Site "Dimitrovgrad"]
[Date "2013.06.30"]
[Round "6"]
[White "Rusakov, Vladimir"]
[Black "Logunova, Elizaveta"]
[Result "1-0"]
[WhiteElo "2039"]
[BlackElo "1601"]
[PlyCount "37"]
[EventDate "2013.06.22"]
[EventType "swiss"]
[EventRounds "9"]
[EventCountry "RUS"]
[SourceTitle "EXT 2014"]
[Source "ChessBase"]
[SourceDate "2013.11.20"]
[SourceVersion "1"]
[SourceVersionDate "2013.11.20"]
[SourceQuality "1"]

1. e4 c6 2. c4 d5 3. exd5 cxd5 4. cxd5 Qxd5 5. Nc3 Qd8 6. d4 Nf6 7. Bc4 Bg4 8. Qb3 e6 9. Qxb7 Nbd7 10. h3 Bf5 11. g4 Bg6 12. g5 Ng8 13. Bb5 Rc8 14. Bf4 Ne7 15. Nge2 Nf5 16. d5 exd5 17. Nxd5 Bd6 18. Rd1 Bxf4 19. Bxd7+ 1-0

[Event "Dimitrovgrad-ch"]
[Site "Dimitrovgrad"]
[Date "2013.02.16"]
[Round "1"]
[White "Rusakov, Vladimir"]
[Black "Turaev, Rahmon"]
[Result "1-0"]
[WhiteElo "2048"]
[BlackElo "1489"]
[PlyCount "57"]
[EventDate "2013.02.16"]
[EventType "swiss"]
[EventRounds "9"]
[EventCountry "RUS"]
[SourceTitle "CBM 153 Extra"]
[Source "ChessBase"]
[SourceDate "2013.04.22"]
[SourceVersion "1"]
[SourceVersionDate "2013.04.22"]
[SourceQuality "1"]

1. e4 d5 2. exd5 Qxd5 3. Nc3 Qd8 4. d4 Nf6 5. Nf3 Bf5 6. Bb5+ c6 7. Be2 e6 8. 0-0 Nbd7 9. Nh4 Bg6 10. Bf4 Be7 11. Re1 0-0 12. Nxg6 fxg6 13. Bc4 Nd5 14. Bg3 Kf7 15. Qg4 N7f6 16. Qxe6+ Ke8 17. Bxd5 Nxd5 18. Nxd5 cxd5 19. Bh4 Rf7 20. Bxe7 Rxe7 21. Qg8+ Kd7 22. Rxe7+ Kxe7 23. Qxg7+ Kd6 24. Qxb7 Qg8 25. Re1 Re8 26. Qa6+ Kd7 27. Qxa7+ Kc6 28. Rxe8 Qxe8 29. Qa4+ 1-0

[Event "Dimitrovgrad-ch"]
[Site "Dimitrovgrad"]
[Date "2012.02.25"]
[Round "9"]
[White "Rusakov, Vladimir"]
[Black "Beldyugin, Alexey"]
[Result "1-0"]
[WhiteElo "2020"]
[BlackElo "2050"]
[PlyCount "56"]
[EventDate "2012.02.19"]
[EventType "swiss"]
[EventRounds "9"]
[EventCountry "RUS"]
[SourceTitle "CBM 147 Extra"]
[Source "ChessBase"]
[SourceDate "2012.04.24"]
[SourceVersion "1"]
[SourceVersionDate "2012.04.24"]
[SourceQuality "1"]

1. e4 Nc6 2. d4 d5 3. e5 Bf5 4. Ne2 Qd7 5. Ng3 Bg6 6. h4 f6 7. h5 Bf7 8. f4 g5 9. fxg5 fxe5 10. dxe5 Bg7 11. Bf4 Bxe5 12. Bxe5 Nxe5 13. Qd4 Qe6 14. Be2 b6 15. 0-0 0-0-0 16. Rxf7 c5 17. Qe3 Qxf7 18. Qxe5 Nf6 19. gxf6 exf6 20. Ba6+ Kd7 21. Qf5+ Kc6 22. Nc3 Rhg8 23. Qf3 Qe6 24. Rd1 Rg5 25. Bc4 Rdg8 26. Nxd5 Rxg3 27. Ne7+ Kc7 28. Qf4+ Qe5 1-0

[Event "Dimitrovgrad-ch"]
[Site "Dimitrovgrad"]
[Date "2012.02.23"]
[Round "5"]
[White "Rusakov, Vladimir"]
[Black "Abramov, Pavel"]
[Result "1/2-1/2"]
[WhiteElo "2020"]
[BlackElo "2095"]
[PlyCount "64"]
[EventDate "2012.02.19"]
[EventType "swiss"]
[EventRounds "9"]
[EventCountry "RUS"]
[SourceTitle "CBM 147 Extra"]
[Source "ChessBase"]
[SourceDate "2012.04.24"]
[SourceVersion "1"]
[SourceVersionDate "2012.04.24"]
[SourceQuality "1"]

1. d4 Nf6 2. Bg5 Ne4 3. Bh4 g5 4. f3 gxh4 5. fxe4 c5 6. e3 Qb6 7. Nc3 e6 8. e5 Qxb2 9. Nb5 Qb4+ 10. Kf2 Qa5 11. d5 a6 12. Nd6+ Bxd6 13. exd6 Qb6 14. dxe6 dxe6 15. Be2 Rg8 16. Bf3 Qb2 17. Ne2 Nd7 18. c3 Ne5 19. Re1 Nxf3 20. gxf3 Bd7 21. Rb1 Qxa2 22. Rxb7 h3 23. Rg1 Rg2+ 24. Rxg2 hxg2 25. Kxg2 Ba4 26. d7+ Kd8 27. Qd6 Qxe2+ 28. Kg3 Qe1+ 29. Kg4 Qg1+ 30. Kh3 Qf1+ 31. Kg3 Qg1+ 32. Kh3 Qf1+ 1/2-1/2

[Event "Dimitrovgrad Petrosian Memorial op"]
[Site "Dimitrovgrad"]
[Date "2011.06.26"]
[Round "5"]
[White "Rusakov, Vladimir"]
[Black "Sychov, Sergey"]
[Result "1-0"]
[WhiteElo "2016"]
[BlackElo "2002"]
[PlyCount "121"]
[EventDate "2011.06.18"]
[EventType "swiss"]
[EventRounds "9"]
[EventCountry "RUS"]
[SourceTitle "EXT 2012"]
[Source "ChessBase"]
[SourceDate "2011.11.24"]
[SourceVersion "1"]
[SourceVersionDate "2011.11.24"]
[SourceQuality "1"]

1. Nf3 Nf6 2. c4 e6 3. g3 b6 4. Bg2 Bb7 5. 0-0 Be7 6. b3 0-0 7. Bb2 d5 8. cxd5 exd5 9. d3 Nbd7 10. Nbd2 Re8 11. Re1 Bd6 12. Nh4 Bf8 13. a3 a5 14. Qc2 Rc8 15. e4 dxe4 16. dxe4 Ng4 17. h3 Nge5 18. Rad1 Qe7 19. Nc4 Nxc4 20. Qxc4 Red8 21. Nf5 Qc5 22. Qe2 b5 23. Qg4 g6 24. Qg5 f6 25. Nh6+ Bxh6 26. Qxh6 Qf8 27. Qf4 Qe7 28. h4 Ne5 29. Bh3 Rb8 30. Bf1 Bc6 31. Rc1 Rd6 32. Rc5 Nd7 33. Rc2 Re8 34. f3 Bd5 35. Rxc7 Bxb3 36. Bxb5 Qe6 37. Bxd7 Rxd7 38. Rxd7 Qxd7 39. Qxf6 Rc8 40. Qh8+ Kf7 41. Qxh7+ Ke8 42. Qxg6+ Bf7 43. Qg5 Rc2 44. Qe5+ Kf8 45. Bd4 Qh3 46. Bf2 Qd7 47. Qd4 Qb5 48. a4 Qb3 49. Kg2 Qa2 50. Rd1 Re2 51. g4 Qc2 52. Rf1 Rd2 53. Qb6 Bc4 54. Rb1 Rxf2+ 55. Qxf2 Qxb1 56. Qc5+ Ke8 57. Qxc4 Qb2+ 58. Kh3 Qd2 59. Qf1 Qf4 60. Qb5+ Ke7 61. Qg5+ 1-0

[Event "Dimitrovgrad Petrosian Memorial op"]
[Site "Dimitrovgrad"]
[Date "2011.06.25"]
[Round "4"]
[White "Akimov, Gennadiy"]
[Black "Rusakov, Vladimir"]
[Result "0-1"]
[WhiteElo "1957"]
[BlackElo "2016"]
[PlyCount "60"]
[EventDate "2011.06.18"]
[EventType "swiss"]
[EventRounds "9"]
[EventCountry "RUS"]
[SourceTitle "EXT 2012"]
[Source "ChessBase"]
[SourceDate "2011.11.24"]
[SourceVersion "1"]
[SourceVersionDate "2011.11.24"]
[SourceQuality "1"]

1. d4 Nf6 2. Nf3 e6 3. Bg5 c5 4. e3 Nc6 5. Nc3 d5 6. Ne5 a6 7. Be2 Be7 8. Bf3 Nxe5 9. dxe5 Nd7 10. Bf4 Qc7 11. 0-0 Nxe5 12. Bxd5 exd5 13. Qxd5 f6 14. Rad1 Bg4 15. f3 Rd8 16. Qe4 Be6 17. Bg3 Qc6 18. Qh4 Ng6 19. Qh5 0-0 20. f4 f5 21. Qe2 b5 22. b3 Bf6 23. Nb1 c4 24. Nd2 cxb3 25. cxb3 Qc2 26. e4 Bc3 27. Be1 fxe4 28. g3 e3 29. h4 Bh3 30. h5 Ne5 0-1

[Event "Dimitrovgrad-ch op"]
[Site "Dimitrovgrad"]
[Date "2010.03.07"]
[Round "6"]
[White "Beldyugin, Alexey"]
[Black "Rusakov, Vladimir"]
[Result "0-1"]
[WhiteElo "1971"]
[BlackElo "2019"]
[PlyCount "78"]
[EventDate "2010.02.27"]
[EventType "swiss"]
[EventRounds "9"]
[EventCountry "RUS"]
[SourceTitle "EXT 2022"]
[Source "ChessBase"]
[SourceDate "2021.10.06"]
[SourceVersion "1"]
[SourceVersionDate "2021.10.06"]
[SourceQuality "1"]

1. d4 d5 2. c4 c6 3. Nc3 e5 4. cxd5 cxd5 5. e3 e4 6. Qb3 Nf6 7. Bb5+ Nc6 8. Nge2 a6 9. Bxc6+ bxc6 10. Bd2 Bd6 11. Na4 0-0 12. Rc1 Rb8 13. Qc2 Bd7 14. Nc5 Bxc5 15. dxc5 Ng4 16. Bc3 f6 17. Ng3 Qe7 18. b4 a5 19. a3 axb4 20. axb4 Ne5 21. Bxe5 Qxe5 22. Rb1 Bc8 23. Qb2 Ba6 24. Qd4 Bd3 25. Rb2 Ra8 26. Kd2 Ra3 27. Rd1 Qc7 28. f4 exf3 29. gxf3 Bb5 30. Kc1 Re8 31. Nf5 Ra1+ 32. Rb1 Rxb1+ 33. Kxb1 Qxh2 34. Qg4 g6 35. Nd6 Ba4 36. Rc1 Bb3 37. Rc3 Qa2+ 38. Kc1 Qa1+ 39. Kd2 Qd1# 0-1

[Event "Dimitrovgrad-ch op"]
[Site "Dimitrovgrad"]
[Date "2010.02.27"]
[Round "1"]
[White "Kurjaeva, Anastasiya"]
[Black "Rusakov, Vladimir"]
[Result "0-1"]
[WhiteElo "1770"]
[BlackElo "2019"]
[PlyCount "46"]
[EventDate "2010.02.27"]
[EventType "swiss"]
[EventRounds "9"]
[EventCountry "RUS"]
[SourceTitle "EXT 2022"]
[Source "ChessBase"]
[SourceDate "2021.10.06"]
[SourceVersion "1"]
[SourceVersionDate "2021.10.06"]
[SourceQuality "1"]

1. e4 c5 2. Nf3 Nc6 3. d4 cxd4 4. Nxd4 Qb6 5. Nb3 Nf6 6. N1d2 d6 7. c3 Ng4 8. Qe2 Be6 9. h3 Nf6 10. Nc4 Qc7 11. Qc2 g6 12. Be3 Rc8 13. Ncd2 Bg7 14. Qc1 0-0 15. Bd3 Ne5 16. Bc2 Nc4 17. Nf3 d5 18. Bf4 Qb6 19. exd5 Nxd5 20. Bd2 Nxb2 21. Qxb2 Nxc3 22. Be3 Qb5 23. Bb1 Rfd8 0-1